000 002820000a22001090004500
100 1 _aCanclini, Arnoldo
245 1 0 _aAsí también yo os envío
300 _aVol.45, núm.195 (1990), Páginas 21-22
650 1 4 _aGRAN COMISIÓN
773 0 _tLa Biblia en las Américas
942 _cANA
999 _c62878
_d62878